000 00875nam a2200253 i 4500
001 bg
100 1 _aSTANKIEWICZ, Marek Jacek
_d(1948- )
245 1 0 _aKonkurencyjność przedsiębiorstwa :
_bbudowanie konkurencyjności przedsiębiorstwa w warunkach globalizacji.
250 _aWyd. 2 zm.
260 _aToruń :
_bTowarzystwo Naukowe Organizacji i Kierownictwa "Dom Organizatora",
_c2005.
300 _a463 s. ;
_c25 cm.
504 _aBibliogr. s. 437-457.
650 9 _aPrzedsiębiorstwo
_xkonkurencyjność
650 9 _aPrzedsiębiorstwo
_xorganizacja
015 _aPB 6104/2005
020 _a8372852227
040 _cBPK
041 0 _apol
080 _a658.1/.5
920 _a83-7285-222-7
942 _cKS
008 s pl f |000 0 pol
999 _c46202
_d46202
856 _uhttp://koha.tu.koszalin.pl/cgi-bin/koha/opac-detail.pl?biblionumber=46202
_yKatalog online BPK